[Event "Hamburg-ch Seniors 65+"]
[Site "Hamburg"]
[Date "2018.11.08"]
[Round "9"]
[White "Vogel, Manfred"]
[Black "Grube, Bernd"]
[Result "1/2-1/2"]
[WhiteElo "1487"]
[BlackElo "1601"]
[PlyCount "107"]
[EventDate "2018.10.31"]
[EventType "swiss"]
[EventRounds "9"]
[EventCountry "GER"]
[SourceTitle "CBM 189 Extra"]
[Source "ChessBase"]
[SourceDate "2019.06.03"]
[SourceVersion "1"]
[SourceVersionDate "2019.06.03"]
[SourceQuality "1"]

1. d4 d5 2. Nf3 Nf6 3. e3 e6 4. Bd3 c5 5. c3 Nc6 6. Nbd2 Qc7 7. 0-0 b6 8. Re1 Bd6 9. dxc5 bxc5 10. e4 0-0 11. exd5 exd5 12. Nf1 Bb7 13. Ng3 Rfe8 14. Bg5 Ng4 15. Qc2 g6 16. Re2 c4 17. Rxe8+ Rxe8 18. Bf1 Bc5 19. Nh1 Qb6 20. h3 Nge5 21. Nxe5 Rxe5 22. Bf4 Re6 23. b3 cxb3 24. axb3 a5 25. Ng3 Qd8 26. Qd2 Ne7 27. Ne2 Qb6 28. Nd4 Bxd4 29. Qxd4 Qxd4 30. cxd4 Rb6 31. Rxa5 Rxb3 32. Rb5 Rxb5 33. Bxb5 Nc8 34. Be5 Kf8 35. Bf6 Ne7 36. f4 Ng8 37. Be5 f6 38. Bd6+ Kf7 39. Kf2 Ke6 40. Bc5 f5 41. g4 Nf6 42. g5 Ne4+ 43. Ke3 Bc8 44. h4 Bd7 45. Be2 Ba4 46. h5 Kd7 47. hxg6 hxg6 48. Bf8 Kc6 49. Bf3 Nd6 50. Bh5 gxh5 51. g6 Ne8 52. g7 Nxg7 53. Bxg7 Kd7 54. Bf6 1/2-1/2

[Event "Hamburg-chB"]
[Site "Hamburg"]
[Date "2018.05.21"]
[Round "3"]
[White "Vogel, Manfred"]
[Black "Fuhrmann, Jeppe"]
[Result "0-1"]
[WhiteElo "1246"]
[BlackElo "1073"]
[PlyCount "68"]
[EventDate "2018.05.19"]
[EventType "swiss"]
[EventRounds "7"]
[EventCountry "GER"]
[SourceTitle "EXT 2020"]
[Source "ChessBase"]
[SourceDate "2019.10.17"]
[SourceVersion "1"]
[SourceVersionDate "2019.10.17"]
[SourceQuality "1"]

1. d4 Nf6 2. Nf3 d5 3. e3 Nc6 4. c3 g6 5. Bd3 Bg7 6. Nbd2 a6 7. 0-0 Nd7 8. e4 Nb6 9. e5 f6 10. exf6 Bxf6 11. Nb3 Bd7 12. Nc5 Qc8 13. Bh6 e6 14. Re1 Be7 15. Nxd7 Qxd7 16. Ng5 Bf8 17. Bxf8 Rxf8 18. Nxe6 Ne7 19. Nxf8 Kxf8 20. Qf3+ Kg7 21. Re2 Re8 22. Rae1 c6 23. Re6 Kg8 24. Qf6 Nbc8 25. Bxg6 hxg6 26. R1e3 Rf8 27. Qg5 Rf7 28. h4 Rg7 29. h5 gxh5 30. Qxh5 Kf8 31. Rf6+ Kg8 32. Rh3 Ng6 33. Qh7+ Rxh7 34. Rxg6+ Rg7 0-1

[Event "Hamburg-chB"]
[Site "Hamburg"]
[Date "2018.05.19"]
[Round "1"]
[White "Krueger, Dietrich"]
[Black "Vogel, Manfred"]
[Result "0-1"]
[WhiteElo "1244"]
[BlackElo "1246"]
[PlyCount "86"]
[EventDate "2018.05.19"]
[EventType "swiss"]
[EventRounds "7"]
[EventCountry "GER"]
[SourceTitle "EXT 2020"]
[Source "ChessBase"]
[SourceDate "2019.10.17"]
[SourceVersion "1"]
[SourceVersionDate "2019.10.17"]
[SourceQuality "1"]

1. d4 c5 2. Nf3 e6 3. Bf4 Nf6 4. e3 Nc6 5. Bb5 a6 6. Bd3 Qb6 7. b3 cxd4 8. 0-0 Nd5 9. Bg3 dxe3 10. Be4 exf2+ 11. Bxf2 Ne3 12. Qe2 Bc5 13. Re1 Ng4 14. Bxc5 Qxc5+ 15. Kf1 d5 16. Bd3 Nb4 17. h3 Nxd3 18. cxd3 Nf6 19. Nbd2 Bd7 20. Rac1 Qa5 21. a4 0-0 22. Ne5 b5 23. Rc5 Qb4 24. d4 bxa4 25. Nxd7 Nxd7 26. Rcc1 Qxd4 27. Nf3 Qb4 28. bxa4 Qxa4 29. Ra1 Qb5 30. Qxb5 axb5 31. Rab1 Rab8 32. Rec1 Rb7 33. Nd4 b4 34. Nc6 b3 35. Na5 Rb6 36. Nxb3 Rfb8 37. Rc7 R6b7 38. Rbc1 Rxb3 39. Rc8+ Rxc8 40. Rxc8+ Nf8 41. Kf2 g6 42. h4 h5 43. g3 Kg7 0-1

[Event "Hamburg-chA"]
[Site "Hamburg"]
[Date "2017.06.10"]
[Round "6"]
[White "Zoeller, Henning"]
[Black "Vogel, Manfred"]
[Result "1-0"]
[WhiteElo "1644"]
[BlackElo "1553"]
[PlyCount "99"]
[EventDate "2017.06.03"]
[EventType "swiss"]
[EventRounds "7"]
[EventCountry "GER"]
[SourceTitle "CBM 179 Extra"]
[Source "ChessBase"]
[SourceDate "2017.08.23"]
[SourceVersion "1"]
[SourceVersionDate "2017.08.23"]
[SourceQuality "1"]

1. e4 c5 2. d4 cxd4 3. c3 d3 4. Bxd3 Nc6 5. Nf3 Nf6 6. 0-0 d5 7. e5 Nd7 8. Qe2 e6 9. Rd1 Be7 10. Qc2 Ndxe5 11. Nxe5 Nxe5 12. Be2 0-0 13. f4 Ng6 14. Be3 Qc7 15. g3 Bc5 16. Qd3 Bd7 17. Nd2 a6 18. Rac1 Bb5 19. c4 dxc4 20. Nxc4 Rad8 21. Qc2 Bxc4 22. Bxc5 Qxc5+ 23. Kg2 Bd5+ 24. Kh3 Qxc2 25. Rxc2 Bxa2 26. Rxd8 Rxd8 27. Rc7 Bd5 28. Bf1 e5 29. f5 Nf8 30. b4 Nd7 31. Bg2 Bxg2+ 32. Kxg2 Nf6 33. Rxb7 Ra8 34. Kf3 e4+ 35. Ke3 Ng4+ 36. Kxe4 Nxh2 37. Kf4 f6 38. g4 Nf1 39. g5 fxg5+ 40. Kxg5 h6+ 41. Kg6 Ne3 42. Rxg7+ Kf8 43. Kh7 Re8 44. f6 Nf5 45. Ra7 Rb8 46. Kg6 Ne3 47. Rf7+ Kg8 48. Rg7+ Kf8 49. Ra7 Rxb4 50. Ra8+ 1-0

[Event "Hamburg-ch A-Klasse"]
[Site "Hamburg"]
[Date "2015.05.28"]
[Round "5"]
[White "Vogel, Manfred"]
[Black "Reiner, Oliver"]
[Result "0-1"]
[WhiteElo "1620"]
[BlackElo "1623"]
[PlyCount "104"]
[EventDate "2015.05.23"]
[EventType "swiss"]
[EventRounds "7"]
[EventCountry "GER"]
[SourceTitle "EXT 2022"]
[Source "ChessBase"]
[SourceDate "2021.10.06"]
[SourceVersion "1"]
[SourceVersionDate "2021.10.06"]
[SourceQuality "1"]

1. d4 Nf6 2. Nf3 e6 3. e3 c5 4. Bd3 cxd4 5. exd4 d5 6. Bf4 Bd6 7. Bxd6 Qxd6 8. Nbd2 0-0 9. 0-0 Nc6 10. c3 h6 11. Re1 b6 12. Ne5 Nxe5 13. Rxe5 Nd7 14. Rh5 Qf4 15. Nf3 Re8 16. Qe2 Nf6 17. Rh4 Qc7 18. Re1 Nd7 19. Bc2 Qc4 20. Qxc4 dxc4 21. d5 Nc5 22. Rxc4 Bb7 23. dxe6 Rxe6 24. Rxe6 Nxe6 25. Nd4 Bd5 26. Ra4 Nc5 27. Rb4 Re8 28. Kf1 Ne4 29. Nf3 g5 30. h3 Nc5 31. a3 Bxf3 32. gxf3 Re6 33. Rd4 Re7 34. c4 Ne6 35. Rd6 Nf4 36. Rxh6 Re2 37. Be4 Rxb2 38. Kg1 Ra2 39. Rc6 Nxh3+ 40. Kg2 Nxf2 41. Kg3 Nxe4+ 42. fxe4 Kg7 43. Kg4 f6 44. Rc7+ Kg6 45. Rxa7 Rc2 46. Rc7 Rf2 47. Rc6 Rf4+ 48. Kg3 Rxe4 49. a4 Kf5 50. Rxb6 Rxc4 51. a5 Ra4 52. a6 Kg6 0-1

[Event "Hamburg-ch A-Klasse"]
[Site "Hamburg"]
[Date "2015.05.25"]
[Round "3"]
[White "Chaichi Tehrani, Fereydoon"]
[Black "Vogel, Manfred"]
[Result "0-1"]
[WhiteElo "1525"]
[BlackElo "1620"]
[PlyCount "64"]
[EventDate "2015.05.23"]
[EventType "swiss"]
[EventRounds "7"]
[EventCountry "GER"]
[SourceTitle "EXT 2022"]
[Source "ChessBase"]
[SourceDate "2021.10.06"]
[SourceVersion "1"]
[SourceVersionDate "2021.10.06"]
[SourceQuality "1"]

1. e4 c5 2. b3 Nc6 3. Bb2 e6 4. c4 d6 5. Nf3 e5 6. Nc3 Nge7 7. Nd5 Nxd5 8. exd5 Nd4 9. Bxd4 cxd4 10. Qe2 b6 11. Nxd4 Be7 12. Nc6 Qd7 13. g3 0-0 14. h4 f5 15. f4 e4 16. d3 Bf6 17. Rb1 Bb7 18. Nb4 Bc3+ 19. Kd1 Bxb4 20. dxe4 fxe4 21. Qxe4 Rae8 22. Qf3 Bc8 23. Bh3 Qf7 24. Bg2 Qg6 25. Rb2 Bg4 26. h5 Bxf3+ 27. Bxf3 Qd3+ 28. Kc1 Qxf3 29. Rbh2 Re2 30. Rxe2 Qxe2 31. h6 Ba3+ 32. Kb1 Qb2# 0-1

[Event "Hamburg-ch Seniors 21st"]
[Site "Hamburg"]
[Date "2014.10.31"]
[Round "4"]
[White "Blosze, Winfried"]
[Black "Vogel, Manfred"]
[Result "1-0"]
[WhiteElo "1710"]
[BlackElo "1471"]
[PlyCount "35"]
[EventDate "2014.10.29"]
[EventType "swiss"]
[EventRounds "9"]
[EventCountry "GER"]
[SourceTitle "EXT 2018"]
[Source "ChessBase"]
[SourceDate "2017.10.13"]
[SourceVersion "1"]
[SourceVersionDate "2017.10.13"]
[SourceQuality "1"]

1. e4 c5 2. Nf3 Nc6 3. d4 cxd4 4. c3 d3 5. Bxd3 e6 6. 0-0 Nf6 7. h3 d6 8. Qe2 e5 9. Rd1 Be7 10. Bb5 0-0 11. Bxc6 bxc6 12. Nxe5 Qb6 13. Nf3 Ba6 14. Qc2 Nd7 15. Bf4 Qc5 16. b4 Qc4 17. Na3 Qe2 18. Rd2 1-0

[Event "Schleswig Holstein-ch Seniors 63rd"]
[Site "Gross Groenau"]
[Date "2008.03.20"]
[Round "9"]
[White "Von Koenen, Hermann"]
[Black "Vogel, Manfred"]
[Result "1/2-1/2"]
[WhiteElo "1429"]
[BlackElo "1509"]
[PlyCount "79"]
[EventDate "2008.03.15"]
[EventType "swiss"]
[EventRounds "9"]
[EventCountry "GER"]
[SourceTitle "EXT 2010"]
[Source "ChessBase"]
[SourceDate "2010.11.25"]
[SourceVersion "1"]
[SourceVersionDate "2010.11.25"]
[SourceQuality "1"]

1. d4 c5 2. d5 d6 3. c4 Nf6 4. Nc3 g6 5. e4 Bg7 6. Bd3 0-0 7. Nge2 Na6 8. a3 Nc7 9. 0-0 a6 10. a4 b6 11. Bd2 Rb8 12. Rb1 Bd7 13. Na2 a5 14. Nac3 Bg4 15. Qc1 Bxe2 16. Bxe2 Re8 17. f4 Na6 18. Rf3 e5 19. f5 Nc7 20. fxg6 fxg6 21. Bg5 Rf8 22. Rh3 Nce8 23. Qd2 Qd7 24. Rh4 Rf7 25. Rf1 Rb7 26. Rf3 Qc8 27. Rfh3 Bh8 28. Qe1 Qd7 29. Rf3 Rg7 30. Rf1 Qc8 31. Rh3 Qd7 32. Rhf3 Qc8 33. R3f2 Qd7 34. Qd1 Qc8 35. h4 Qd7 36. g3 Qh3 37. Rg2 Qc8 38. Rh2 Qd7 39. Kg2 Qc8 40. Rfh1 1/2-1/2

[Event "Schleswig Holstein-ch Seniors 63rd"]
[Site "Gross Groenau"]
[Date "2008.03.16"]
[Round "2"]
[White "Schierling, Eckhard"]
[Black "Vogel, Manfred"]
[Result "1-0"]
[WhiteElo "1682"]
[BlackElo "1509"]
[PlyCount "141"]
[EventDate "2008.03.15"]
[EventType "swiss"]
[EventRounds "9"]
[EventCountry "GER"]
[SourceTitle "EXT 2010"]
[Source "ChessBase"]
[SourceDate "2010.11.25"]
[SourceVersion "1"]
[SourceVersionDate "2010.11.25"]
[SourceQuality "1"]

1. e4 c5 2. Nf3 e6 3. d4 cxd4 4. Nxd4 Nc6 5. Nxc6 bxc6 6. c4 d5 7. cxd5 cxd5 8. exd5 Bb4+ 9. Bd2 Bxd2+ 10. Qxd2 Qxd5 11. Qxd5 exd5 12. Nc3 Nf6 13. 0-0-0 Be6 14. Bb5+ Ke7 15. Rhe1 Rac8 16. Kb1 Rhd8 17. f3 Kf8 18. Ne2 Rc5 19. Ba4 Bf5+ 20. Ka1 Bc2 21. Rc1 Rdc8 22. Bxc2 Rxc2 23. Rxc2 Rxc2 24. Kb1 Rc4 25. Rd1 Ke7 26. b3 Rc7 27. Rc1 Kd6 28. Rc2 Nd7 29. Nd4 Rxc2 30. Kxc2 a5 31. a3 g6 32. h4 h5 33. Kc3 Kc5 34. b4+ axb4+ 35. axb4+ Kb6 36. f4 Nf6 37. f5 Ne4+ 38. Kd3 gxf5 39. Nxf5 Kb5 40. Kd4 Kxb4 41. Kxd5 Nf6+ 42. Ke5 Ng4+ 43. Kf4 Kc3 44. Ng3 Kd3 45. Nxh5 Ne3 46. g3 Kd4 47. Nf6 Ng2+ 48. Kg5 Ke5 49. Ng4+ Ke6 50. h5 Ke7 51. Ne5 Ne3 52. h6 Kf8 53. Nd7+ Kg8 54. Nf6+ Kh8 55. g4 Nf5 56. Ne4 Ne7 57. Kf6 Ng8+ 58. Kg5 Ne7 59. Nd6 Kg8 60. Kf6 Nd5+ 61. Ke5 Ne7 62. g5 Ng6+ 63. Kf6 Nh8 64. Nf5 Ng6 65. Ne7+ Kh7 66. Nxg6 fxg6 67. Kf7 Kh8 68. Kxg6 Kg8 69. Kf6 Kh7 70. g6+ Kg8 71. g7 1-0

[Event "Schleswig Holstein-ch Seniors 62nd"]
[Site "Itzehoe"]
[Date "2007.04.05"]
[Round "8"]
[White "Vogel, Manfred"]
[Black "Hilbig, Klaus"]
[Result "1-0"]
[WhiteElo "1591"]
[BlackElo "1489"]
[PlyCount "69"]
[EventDate "2007.03.31"]
[EventType "swiss"]
[EventRounds "9"]
[EventCountry "GER"]
[SourceTitle "EXT 2010"]
[Source "ChessBase"]
[SourceDate "2010.11.25"]
[SourceVersion "1"]
[SourceVersionDate "2010.11.25"]
[SourceQuality "1"]

1. d4 Nf6 2. Bg5 h6 3. Bh4 g5 4. Bg3 Ne4 5. Be5 f6 6. e3 h5 7. Be2 g4 8. Bf4 d5 9. f3 e5 10. fxe4 exf4 11. Qd3 fxe3 12. Qxe3 Bh6 13. Qc3 dxe4 14. Nd2 f5 15. 0-0-0 Rh7 16. Kb1 Rd7 17. d5 Bg7 18. Qb4 Na6 19. Bxa6 bxa6 20. Ne2 Rxd5 21. Nf4 Rb5 22. Qa4 Bxb2 23. Nb3 Qf6 24. Nd5 Qe5 25. Qc4 c5 26. Nc7+ Qxc7 27. Qg8+ Ke7 28. Qh7+ Bg7 29. Qxg7+ Ke6 30. Qxc7 Rb6 31. Rd8 a5 32. Re8+ Kf6 33. Qe7+ Kg6 34. Rg8+ Kh6 35. Qg7# 1-0

[Event "Schleswig Holstein-ch Veterans 60th"]
[Site "Germany"]
[Date "2005.10.16"]
[Round "9"]
[White "Vogel, Manfred"]
[Black "Deuss, Reinhard Uve"]
[Result "0-1"]
[WhiteElo "1599"]
[BlackElo "1593"]
[PlyCount "72"]
[EventDate "2005.10.10"]
[EventType "swiss"]
[EventRounds "9"]
[EventCountry "GER"]
[SourceTitle "EXT 2010"]
[Source "ChessBase"]
[SourceDate "2010.11.25"]
[SourceVersion "1"]
[SourceVersionDate "2010.11.25"]
[SourceQuality "1"]

1. d4 d5 2. Nf3 c6 3. e3 Bg4 4. c4 e6 5. Nbd2 Nd7 6. Qb3 Rb8 7. Bd3 Qc7 8. cxd5 exd5 9. e4 dxe4 10. Ng5 Ndf6 11. Ndxe4 h6 12. Bf4 Qd7 13. Qxf7+ Qxf7 14. Nxf7 Kxf7 15. Bxb8 Nxe4 16. Bxe4 Bb4+ 17. Kf1 Nf6 18. Be5 Nxe4 19. f3 Nd2+ 20. Ke2 Be6 21. a3 Bc4+ 22. Kd1 Bb3+ 23. Kc1 Ba5 24. a4 Nc4 25. g4 Rd8 26. Rg1 c5 27. g5 Bd2+ 28. Kb1 Bxg5 29. h4 Nd2+ 30. Kc1 Nxf3+ 31. hxg5 Nxg1 32. Kd2 Nf3+ 33. Kc3 cxd4+ 34. Bxd4 Nxd4 35. Rf1+ Kg6 36. Rf4 Ne2+ 0-1